Top 30 : Rohff - Statistiques

Statistiques générales
  • Ce quiz a été pris 47 fois
  • Le résultat moyen est 10 sur 30
Statistiques - réponses
Top Titres Featuring % Correct
2 Le son qui tue Natty
88%
7 Charisme Wallen
69%
8 Hysteric love Amel Bent
66%
5 Thug Mariage Indila
59%
1 Qui est l'exemple ?
56%
12 Regretté
56%
11 Testament
56%
3 La Puissance
50%
6 Mon bled Kore, Mohamed Lamine, Chebba Maria
41%
9 94
38%
14 Zlatana
38%
10 Sécurisé Dadju
34%
17 Ça fait plaisir Intouchable
31%
25 Dounia
31%
13 Legend Jul
28%
30 Paris
28%
21 Rap Game
28%
16 On fait les choses Mystik, Pit Baccardi, Benj
25%
20 Repris de justesse
22%
15 Tdsi
22%
26 Zone internationale Roldan G. Rivero
22%
23 Intro - La fierté des nôtres
19%
19 La Grande classe
19%
29 J'arrive
16%
28 Que pour les vrais
16%
27 Official Tayc
13%
22 Antibiotique Naps
9%
4 Les galactiques Kaaris, Soso Maness, Jul, Naps, GIMS, Alonzo, Le classico organisé
9%
18 La force
6%
24 Aime moi à l'imparfait
3%
Aucun quiz correspondant
Distribution des résultats
% des personnes avec chaque résultat
Percentile par nombre de réponses
Votre historique - résultats
Vous n’avez pas pris ce quiz